000 01267nam a2200301 a 4500
001 4770
003 CDMR
005 20171123171644.0
008 130130|1926||||||||||||||||||||||||spa|d
022 0 _a9969-4719
040 _aCDMR
_bcat
_cCDMR
130 0 _94564
_aHoja del Lunes (Barcelona, 1926)
245 1 0 _aHoja Oficial de la Provincia de Barcelona
246 1 _aHoja oficial del lunes de la provincia de Barcelona
246 1 _aHoja oficial del lunes de Barcelona
260 _aBarcelona
_c1926-1983
_bCasa Provincial de Caridad
300 _av.
_bil.
_c44 x 32 cm
310 _asetmanal
362 0 _aNúm. 1 (4 gener 1926) - núm. 2292 (21 febrer 1983)
500 _aA partir de l'any 1982 conté el suplement amb numeració pròpia: Full de la cultura
546 _aText en castellà i català
650 _94533
_aAssociacions de periodistes
_y1926 - 1983
_zBarcelona
710 2 _939
_aAssociació de la Premsa de Barcelona
710 2 _94566
_aCasa Provincial de Caridad de Barcelona
785 0 0 _aFull oficial del dilluns de Barcelona (1931)
_dBarcelona: Casa de Caritat, 1931-1939
856 4 0 _uhttp://prensahistorica.mcu.es/es/consulta/registro.cmd?id=1028988
_yDisponible en línia (Biblioteca Virtual de Prensa Histórica)
942 _cSER
_2udc
999 _c4770
_d4770